UITU Library & LRC     

Microprocessors and Programmed Logic (Record no. 26425)

MARC details
000 -LEADER
fixed length control field 00440nam a2200169Ia 4500
008 - FIXED-LENGTH DATA ELEMENTS--GENERAL INFORMATION
fixed length control field 241115s9999 xx 000 0 und d
020 ## - INTERNATIONAL STANDARD BOOK NUMBER
International Standard Book Number 0-13-580606-2
082 ## - DEWEY DECIMAL CLASSIFICATION NUMBER
Classification number 004.165 SHO
100 ## - MAIN ENTRY--PERSONAL NAME
Personal name Short, Kenneth L.
245 #0 - TITLE STATEMENT
Title Microprocessors and Programmed Logic
250 ## - EDITION STATEMENT
Edition statement 2nd ed.
260 ## - PUBLICATION, DISTRIBUTION, ETC.
Place of publication, distribution, etc. New Jersey:
Name of publisher, distributor, etc. Printice Hall,
Date of publication, distribution, etc. 1987
300 ## - PHYSICAL DESCRIPTION
Extent xvii,619p.
600 ## - SUBJECT ADDED ENTRY--PERSONAL NAME
Personal name Computer Science
650 ## - SUBJECT ADDED ENTRY--TOPICAL TERM
Topical term or geographic name entry element Computer Science
942 ## - ADDED ENTRY ELEMENTS (KOHA)
Koha item type Book Bank Data
Holdings
Withdrawn status Lost status Damaged status Not for loan Collection Home library Current library Date acquired Source of acquisition Cost, normal purchase price Total checkouts Barcode Date last seen Price effective from Koha item type
        BB-Computer Science UITU Library UITU Library 08/23/2010 FBC 160.00   BB1932 11/15/2024   Book Bank Data

Powered by Koha